|
|
|
|
| LEADER |
00000cam a22000004a 4500 |
| 001 |
musev2_49374 |
| 003 |
MdBmJHUP |
| 005 |
20230905045129.0 |
| 006 |
m o d |
| 007 |
cr||||||||nn|n |
| 008 |
100712s2007 inu o 00 0 eng d |
| 020 |
|
|
|a 9780253027757
|
| 020 |
|
|
|z 9780253348852
|
| 020 |
|
|
|z 9780253219053
|
| 035 |
|
|
|a (OCoLC)1016767527
|
| 040 |
|
|
|a MdBmJHUP
|c MdBmJHUP
|
| 100 |
1 |
|
|a Baim, Jo,
|e author.
|
| 245 |
1 |
0 |
|a Tango :
|b Creation of a Cultural Icon /
|c Jo Baim.
|
| 264 |
|
1 |
|a Bloomington :
|b Indiana University Press,
|c 2007.
|
| 264 |
|
3 |
|a Baltimore, Md. :
|b Project MUSE,
|c 2018
|
| 264 |
|
4 |
|c ©2007.
|
| 300 |
|
|
|a 1 online resource (232 pages):
|b illustrations, music
|
| 336 |
|
|
|a text
|b txt
|2 rdacontent
|
| 337 |
|
|
|a computer
|b c
|2 rdamedia
|
| 338 |
|
|
|a online resource
|b cr
|2 rdacarrier
|
| 505 |
0 |
|
|a The origins of the tango -- Europe and the United States discover the tango -- Argentina reclaims its native dance -- Tango music -- Tangos in waltz time -- The tango in the world of art music -- Appendix 1. Tango steps, 1911-1925 -- Appendix 2. A sampling of New York Times article titles on the tango, 1911, 1913, and 1914.
|
| 588 |
|
|
|a Description based on print version record.
|
| 650 |
|
7 |
|a Tango
|2 gnd
|
| 650 |
|
7 |
|a Tango (Dance)
|x Social aspects.
|2 fast
|0 (OCoLC)fst01142645
|
| 650 |
|
7 |
|a HISTORY
|x Modern
|y 20th Century.
|2 bisacsh
|
| 650 |
|
7 |
|a MUSIC
|x Printed Music
|x Band & Orchestra.
|2 bisacsh
|
| 650 |
|
7 |
|a MUSIC
|x Musical Instruments
|x General.
|2 bisacsh
|
| 650 |
|
6 |
|a Tango
|x Aspect social
|x Histoire.
|
| 650 |
|
0 |
|a Tango (Dance)
|x Social aspects
|x History.
|
| 655 |
|
7 |
|a History.
|2 fast
|0 (OCoLC)fst01411628
|
| 655 |
|
7 |
|a Electronic books.
|2 local
|
| 710 |
2 |
|
|a Project Muse.
|e distributor
|
| 830 |
|
0 |
|a Book collections on Project MUSE.
|
| 856 |
4 |
0 |
|z Texto completo
|u https://projectmuse.uam.elogim.com/book/49374/
|
| 945 |
|
|
|a Project MUSE - Custom Collection
|
| 945 |
|
|
|a Project MUSE - Archive Complete Supplement VI
|
| 945 |
|
|
|a Project MUSE - Archive Film, Theater and Performing Arts Supplement VI
|